<?xml version="1.0" encoding="UTF-8"?>
<record
    xmlns:xsi="http://www.w3.org/2001/XMLSchema-instance"
    xsi:schemaLocation="http://www.loc.gov/MARC21/slim http://www.loc.gov/standards/marcxml/schema/MARC21slim.xsd"
    xmlns="http://www.loc.gov/MARC21/slim">

  <leader>01478nam a2200289   4500</leader>
  <controlfield tag="003">DO-SdUA</controlfield>
  <controlfield tag="005">20250325093537.0</controlfield>
  <controlfield tag="008">      s2020    dr a|| |||| 0 |a||0|spa d</controlfield>
  <datafield tag="040" ind1=" " ind2=" ">
    <subfield code="a">DO-SdUA</subfield>
    <subfield code="b">spa</subfield>
    <subfield code="c">DO-SdUA</subfield>
  </datafield>
  <datafield tag="041" ind1="0" ind2=" ">
    <subfield code="a">spa</subfield>
  </datafield>
  <datafield tag="092" ind1=" " ind2=" ">
    <subfield code="a">MA-PPGE 0076 FCE 2020</subfield>
  </datafield>
  <datafield tag="100" ind1="1" ind2=" ">
    <subfield code="a">Fern&#xE1;ndez B&#xE1;ez, Mayra Joselyn</subfield>
  </datafield>
  <datafield tag="245" ind1="1" ind2="0">
    <subfield code="a">Desarrollo de la lateralidad a partir de actividades l&#xFA;dicas en los ni&#xF1;os del grado preprimario, secci&#xF3;n A, Centro Educativo Francisco del Rosario S&#xE1;nchez, Distrito 02-05 San Juan Este, a&#xF1;o lectivo 2018-2019 /</subfield>
    <subfield code="c">Mayra Joselyn Fern&#xE1;ndez B&#xE1;ez, Henna Elizaura Valdez Contreras.</subfield>
  </datafield>
  <datafield tag="260" ind1=" " ind2=" ">
    <subfield code="a">San Juan de la Maguana :</subfield>
    <subfield code="b">UASD,</subfield>
    <subfield code="c">2020.</subfield>
  </datafield>
  <datafield tag="300" ind1=" " ind2=" ">
    <subfield code="a">vii, 95, [43], h. :</subfield>
    <subfield code="b">il.</subfield>
  </datafield>
  <datafield tag="502" ind1=" " ind2=" ">
    <subfield code="a">Tesis y trabajo de grado (Maestr&#xED;a en Procesos Pedag&#xF3;gicos y Gesti&#xF3;n de la Educaci&#xF3;n Inicial)--Universidad Aut&#xF3;noma de Santo Domingo, San Juan de la Maguana , 2020.</subfield>
  </datafield>
  <datafield tag="504" ind1=" " ind2=" ">
    <subfield code="a">Incluye referencias bibliogr&#xE1;ficas y anexos.</subfield>
  </datafield>
  <datafield tag="650" ind1=" " ind2="7">
    <subfield code="2">lemb</subfield>
    <subfield code="9">50888</subfield>
    <subfield code="a">Lateralidad (Fisiolog&#xED;a)</subfield>
  </datafield>
  <datafield tag="650" ind1=" " ind2="7">
    <subfield code="2">lemb</subfield>
    <subfield code="9">16834</subfield>
    <subfield code="a">Juegos infantiles</subfield>
  </datafield>
  <datafield tag="650" ind1=" " ind2="7">
    <subfield code="2">lemb</subfield>
    <subfield code="9">16830</subfield>
    <subfield code="a">Juegos escolares</subfield>
  </datafield>
  <datafield tag="650" ind1=" " ind2="7">
    <subfield code="2">lemb</subfield>
    <subfield code="9">10513</subfield>
    <subfield code="a">Educaci&#xF3;n preescolar</subfield>
    <subfield code="x">Investigaciones</subfield>
  </datafield>
  <datafield tag="650" ind1=" " ind2="7">
    <subfield code="a">Procesos educativos</subfield>
    <subfield code="x">Investigaciones</subfield>
    <subfield code="9">62412</subfield>
  </datafield>
  <datafield tag="650" ind1=" " ind2="7">
    <subfield code="2">lemb</subfield>
    <subfield code="9">62516</subfield>
    <subfield code="a">Administraci&#xF3;n escolar (Educaci&#xF3;n preescolar)</subfield>
    <subfield code="x">Investigaciones</subfield>
  </datafield>
  <datafield tag="700" ind1="1" ind2=" ">
    <subfield code="a">Valdez Contreras, Henna Elizaura </subfield>
  </datafield>
  <datafield tag="830" ind1=" " ind2=" ">
    <subfield code="a">Tesis y disertaciones acad&#xE9;micas (Universidad Aut&#xF3;noma de Santo Domingo)</subfield>
  </datafield>
  <datafield tag="942" ind1=" " ind2=" ">
    <subfield code="2">cl</subfield>
    <subfield code="c">T</subfield>
    <subfield code="n">0</subfield>
  </datafield>
  <datafield tag="999" ind1=" " ind2=" ">
    <subfield code="c">12763</subfield>
    <subfield code="d">12763</subfield>
  </datafield>
</record>
